000
00318nam a22001337a 4500
008
170608b xxu||||| |||| 00| 0 eng d
020
_a
2900495567874
041
_a
eng
080
_a
327
100
_a
18
101
_a
SHP
245
_a
THE PROMISE AND PERFORMANCE OF AMERICAN DEMOCRACY
_c
BOND, J.R
942
_2
udc
_c
BK
999
_c
16385
_d
16385